| 000 | 00823nam a2200301Ia 4500 | ||
|---|---|---|---|
| 001 | 67030 | ||
| 003 | IT-RoPAU | ||
| 008 | 130308s9999 xx 000 0 und d | ||
| 040 | _aIT-RoPAU | ||
| 040 | _cIT-RoPAU | ||
| 041 | _aITALIANO | ||
| 100 | _aDreiser Teodoro | ||
| 100 | _gCodice Aut. SPICS: 23402 | ||
| 245 | _aMiglior intervista cinematografica che sia mai stata scritta (La) | ||
| 245 | _bMack Sennett-Il Re delle Comiche | ||
| 250 | _a1a ed. | ||
| 260 | _aROMA | ||
| 260 | _bAteneo | ||
| 260 | _c1961 [1° Ed.:1961 - Ed.Ling.Originale:1928] | ||
| 300 | _a"18 p. (prefazione: no ; testo: 18 [pagine: 87-104])" | ||
| 500 | _aIntervista a Mack Sennett | ||
| 650 | _aAUTORI/OPERE DEL CINEMA | ||
| 650 | _eCodice materia Spics: 6807 | ||
| 942 | _cBK | ||
| 957 | _71 | ||
| 999 |
_c52924 _d52924 |
||
| 999 | _bSI | ||
| 999 | _g1 | ||